MDQL
is popping MORE tags! Check the
thread
!
Quizzes
Events
Quiz Creation
Community
Videos
Private Events
Remove Ads
Sign In
Join for FREE
Feedback
Dark Mode
Quiz Categories
Sports
Geography
Music
Movies
Television
Just For Fun
Miscellaneous
History
Literature
Language
Science
Gaming
Entertainment
Religion
Holiday
For Kids
Quiz Lab
Recent
Popular Today
Quiz Kudos Today
Editor Picks
Curator Picks
Quizzes by...
Day
Popularity
Type
Ratings
Length
Year
Community
Subscriptions
Recent Discussions
Orange Saloon
Badges
Playlists
Quests
Create
Leaderboards
Showdown
Live 5
Trivia Bingo
Activity
Puzzle Library
Sporcle Events
Private Events
Virtual Trivia
Globe League
Become a Host
Pub Owners
SporcleCon
Opinionation
Our Games
Videos
Blog
Mobile Apps
Partnerships
Remove Ads and Go Orange
Feedback
Sports
Athletes
MLB
NBA
NHL
NFL
Soccer
Sports Teams
WWE
NCAA
Football
Premier League
Basketball
Baseball
Hockey
Golf
Tennis
Cricket
Rugby
Auto Racing
Olympics
World Cup
Sports
Athletes
MLB
NBA
NHL
NFL
Soccer
Sports Teams
WWE
NCAA
Football
Premier League
Basketball
Baseball
Hockey
Golf
Tennis
Cricket
Rugby
Auto Racing
Olympics
World Cup
Random Quiz
Search Sporcle
×
Quiz Lab
Quiz Lab
Sports
Hockey
Type in answers that appear in a list
Type in answers that appear in a list
Classic
Best Score? Go Orange.
NHL Skills Competition Stats
Can you name the NHL players that have won each All-Star Skills Competition event?
By
cheesyjon
10m
121 Questions
110 Plays
110 Plays
110 Plays
Comments
Comments
Give Quiz Kudos
Give Quiz Kudos
-
- Ratings
hide this ad
More Info
Replay
Link that replays current quiz
Next Quiz
Link to next quiz in quiz playlist
You Got
0%
They Got
Avg Score
68%
Avg Friend Score
Upgrade to see
Score Distribution
Jump to the score distribution portion of the page
Score
0/121
Timer
10:00
0
Plays Today
Event
Player
% Correct
Breakaway Challenge
Alexander Ovechkin
92.7%
Breakaway Challenge
Alexander Ovechkin
92.7%
Breakaway Challenge
Alexander Ovechkin
92.7%
Hardest Shot
Zdeno Chara
92.7%
Hardest Shot
Zdeno Chara
92.7%
Hardest Shot
Zdeno Chara
92.7%
Hardest Shot
Zdeno Chara
92.7%
Hardest Shot
Zdeno Chara
92.7%
Breakaway Challenge
Patrick Kane
90%
Accuracy Shooting -
Timed
Daniel Sedin
88.2%
Puck Control Relay
Teemu Selanne
85.5%
Accuracy Shooting
Jarome Iginla
84.5%
Hardest Shot
Al MacInnis
84.5%
Hardest Shot
Al MacInnis
84.5%
Hardest Shot
Al MacInnis
84.5%
Hardest Shot
Al MacInnis
84.5%
Hardest Shot
Al MacInnis
84.5%
Hardest Shot
Al MacInnis
84.5%
Hardest Shot
Al MacInnis
84.5%
Accuracy Shooting
Ray Bourque
83.6%
Accuracy Shooting
Ray Bourque
83.6%
Accuracy Shooting
Ray Bourque
83.6%
Accuracy Shooting
Ray Bourque
83.6%
Accuracy Shooting
Ray Bourque
83.6%
Accuracy Shooting
Ray Bourque
83.6%
Accuracy Shooting
Ray Bourque
83.6%
Accuracy Shooting
Ray Bourque
83.6%
Breakaway Relay (Least GA)
Patrick Roy
83.6%
Breakaway Relay (Least GA)
Patrick Roy
83.6%
Goaltenders Competition
Patrick Roy
83.6%
Goaltenders Competition
Patrick Roy
83.6%
Goaltenders Competition
Patrick Roy
83.6%
Goaltenders Competition
Patrick Roy
83.6%
Puck Control Relay
Rick Nash
81.8%
Puck Control Relay
Rick Nash
81.8%
Accuracy Shooting
Evgeni Malkin
80.9%
Puck Control Relay
Paul Kariya
80.9%
Puck Control Relay
Paul Kariya
80.9%
Puck Control Relay
Paul Kariya
80.9%
Puck Control Relay
Paul Kariya
80.9%
Breakaway Relay (Least GA)
Dominik Hasek
80.9%
Event
Player
% Correct
Breakaway Relay (Least GA)
Dominik Hasek
80.9%
Breakaway Relay (Least GA)
Dominik Hasek
80.9%
Breakaway Relay (Least GA)
Dominik Hasek
80.9%
Breakaway Relay (Least GA)
Dominik Hasek
80.9%
Goaltenders Competition
Dominik Hasek
80.9%
Goaltenders Competition
Dominik Hasek
80.9%
Goaltenders Competition
Dominik Hasek
80.9%
Puck Control Relay
Martin St. Louis
80%
Breakaway Relay (Least GA)
Roberto Luongo
80%
Breakaway Relay (Least GA)
Roberto Luongo
80%
Goaltenders Competition
Roberto Luongo
80%
Goaltenders Competition
Roberto Luongo
80%
Fastest Skater
Sergei Fedorov
79.1%
Fastest Skater
Sergei Fedorov
79.1%
Hardest Shot
Sergei Fedorov
79.1%
Elimination Shootout
Shane Doan
79.1%
Elimination Shootout
Corey Perry
79.1%
Accuracy Shooting
Eric Staal
78.2%
Accuracy Shooting
Mark Messier
75.5%
Accuracy Shooting
Mark Messier
75.5%
Elimination Shootout
Steven Stamkos
75.5%
Accuracy Shooting
Markus Naslund
73.6%
Breakaway Relay (Least GA)
Mike Richter
73.6%
Goaltenders Competition
Mike Richter
73.6%
Goaltenders Competition
Mike Richter
73.6%
Accuracy Shooting
Brendan Shanahan
70.9%
Accuracy Shooting
Brendan Shanahan
70.9%
Hardest Shot
Al Iafrate
70.9%
Hardest Shot
Al Iafrate
70.9%
Hardest Shot
Al Iafrate
70.9%
Breakaway Relay (Least GA)
Ed Belfour
70%
Accuracy Shooting
Peter Forsberg
68.2%
Fastest Skater
Peter Bondra
66.4%
Fastest Skater
Peter Bondra
66.4%
Fastest Skater
Marian Gaborik
66.4%
Accuracy Shooting
Jeremy Roenick
66.4%
Accuracy Shooting
Jeremy Roenick
66.4%
Accuracy Shooting
Jeremy Roenick
66.4%
Breakaway Relay (Least GA)
Evgeni Nabokov
66.4%
Goaltenders Competition
John Vanbiesbrouck
66.4%
Goaltenders Competition
John Vanbiesbrouck
66.4%
Event
Player
% Correct
Accuracy Shooting -
Timed
Jamie Benn
65.5%
Fastest Skater
Scott Niedermayer
62.7%
Fastest Skater
Scott Niedermayer
62.7%
Fastest Skater
Mike Gartner
61.8%
Fastest Skater
Mike Gartner
61.8%
Accuracy Shooting
Marian Hossa
61.8%
Breakaway Relay (Least GA)
Mike Vernon
61.8%
Breakaway Relay (Least GA)
Mike Vernon
61.8%
Accuracy Shooting
Keith Tkachuk
60%
Breakaway Relay (Least GA)
Arturs Irbe
60%
Goaltenders Competition
Arturs Irbe
60%
Breakaway Relay (Least GA)
Curtis Joseph
57.3%
Breakaway Relay (Least GA)
Sean Burke
53.6%
Goaltenders Competition
Sean Burke
53.6%
Goaltenders Competition
Kirk McLean
52.7%
Breakaway Relay (Least GA)
Guy Hebert
50.9%
Hardest Shot
Sheldon Souray
50%
Fastest Skater
Michael Grabner
48.2%
Breakaway Relay (Least GA)
Tommy Salo
45.5%
Fastest Skater
Shawn Horcoff
42.7%
Puck Control Relay
Shawn Horcoff
42.7%
Breakaway Relay (Least GA)
Jon Casey
40%
Goaltenders Competition
Jon Casey
40%
Fastest Skater -
New Set-
Up
Carl Hagelin
38.2%
Fastest Skater
Sami Kapanen
33.6%
Fastest Skater
Sami Kapanen
33.6%
Fastest Skater
Bill Guerin
32.7%
Elimination Shootout
Dion Phaneuf
32.7%
Accuracy Shooting
Tomas Kaberle
31.8%
Puck Control Relay
Pierre Turgeon
31.8%
Breakaway Relay (Least GA)
Don Beaupre
30%
Puck Control Relay
Geoff Sanderson
29.1%
Fastest Skater
Andy McDonald
26.4%
Fastest Skater
Andrew Cogliano
24.5%
Hardest Shot
Adrian Aucoin
22.7%
Accuracy Shooting
Viktor Kozlov
20%
Hardest Shot
Fredrik Modin
20%
Hardest Shot
Dave Manson
12.7%
Puck Control Relay
Russ Courtnall
12.7%
Quiz Playlist
Details
Report
Send in Message
Add To Playlist
More Info:
Results are from the final rounds, * - denotes current record, • - denotes tied event in the same year
Classic:
Type in answers that appear in a list
Quiz Source
Last Updated: Feb 16, 2017
Quiz Scoreboard
CHALLENGE
Sign Up to Join the Scoreboard
Show All
Scores
Hide
Comments
May contain spoilers
Recently Published
Street Fighter Characters
by Artimus82
Gaming
60s
9x9 Crossword: Cartoon Network
by jackfrog10
Miscellaneous
3m
College Basketball Coaching Resumes
by pancakes188
Sports
9m
More to Explore
Quiz From the Vault
Featured Blog Post
Where Did the Easter Bunny Come From?
hide this ad
You Might Also Like...
Tags
Hockey Quiz
NHL Quiz
competition
Event Winners
skill
Today's Top Quizzes in Sports
Browse Sports
hide this ad
Today's Top Quizzes in Hockey
Browse Hockey
Top Contributed Quizzes in Sports
1
2022 World Cup Stars
2
Les meilleurs buteurs des matchs entre le PSG et l’OM
3
FIFA Club World Cup Champions
4
Les entraîneurs de l'OM et du PSG au 21e siècle
5
Criteria MLB: Left Handed Sluggers
6
2023 MLB Unique Player Accomplishments
7
AFC Teams Reveal (Wrong Answers Minefield)
8
Players with Multiple 50 Home Run Seasons
9
5-to-1: FBS Animal Nicknames
10
5-to-1: UK Sports Teams
Explore More
Trending Topics
NBA
Crossword
Anime
Marvel
Kpop
Disney
Harry Potter
Puzzle
Song
Pokémon
WWE
Soccer
Country
The Office
NFL
hide this ad
More By:
cheesyjon
Quiz
Plays
Rating
Category
Featured
Created
Superhero/Villain by Actor
185,873
3.82
Entertainment
Nov 2, 2009
Countries With The Most...
164,787
4.42
Geography
Dec 1, 2009
Countries That Take Up 1% of the World's Population
109,305
4.59
Geography
Nov 24, 2012
Mass Effect Characters by Description
8,332
4.56
Gaming
Apr 9, 2012
Uncharted Characters
6,114
3.86
Gaming
Dec 9, 2009
Go to Creator's Profile
Score Distribution
Quiz Creator Spotlight
cheesyjon
Follow
Send a Message
Quizzes Created
-
Created Quiz Play Count
-
More By This Creator
Popular Quizzes Today
1
Find the US States - No Outlines Minefield
2
Find the Countries of Europe - No Outlines Minefield
3
The Countries of the World
4
Find the US States
5
Risky Map Clicking: Biggest States A-Z
6
US States
7
Popular People in 1961
8
Movies - When Are They Set?
More Sports Quizzes
World Cup 98 Kits
Quiz Lab
Trending Quizzes
Risky Map Clicking: Least Populous States A-Z
Countries of the World: 200 Million BC
1-10 Letter G Words
Risky Map Clicking: Next State Alphabetically
Adjectives in 80s TV Shows
Recently Updated
Leaping Animals
pecheneg
Reality TV Shows (A-Z)
bhenderson79
Rickey Henderson's Hall of Fame Teammates
pecheneg
Champions League XIs: Arsenal
pecheneg
Quick Pick: Celebrities in WWE's Hall of Fame
aduchscher
A-Z Keypad Blitz II
pecheneg
Multiple Oscar Actors
pecheneg
Mystery Phrase Blitz: Oscar 'Best Actors'
pecheneg
F. Scott Fitzgerald Novels
LTH
Pick 3 Villains
ddd62291
Trending Topics
Anime
Kpop
NBA
Harry Potter
Marvel
Disney
Crossword
Song
Soccer
WWE
Puzzle
Country
NFL
The Office
Pokémon
Your Account Isn't Verified!
In order to create a playlist on Sporcle, you need to verify the email address you used during registration. Go to your
Sporcle Settings
to finish the process.
Report this User
Report this user for behavior that violates our
Community Guidelines
.
Details:
Send Report
Go to the Sporcle.com Mobile Site →
Comments